| 000 | 004340000a22001690004500 | ||
|---|---|---|---|
| 003 | MACL | ||
| 005 | 20160106172558.0 | ||
| 008 | 160106b xxu||||| |||| 00| 0 eng d | ||
| 040 |
_aMACL _cMACL |
||
| 041 | _aEnglish | ||
| 082 | _a841/HUG | ||
| 100 |
_aCarring, Henry _929047 |
||
| 245 | _aRanslations From The Poems of Victor Hugo | ||
| 260 |
_bWalter Scott _aLondon |
||
| 650 |
_aFrench, Poetry _929048 |
||
| 942 |
_cBK _k841/Hugo _2ddc |
||
| 999 |
_c36710 _d36710 |
||